000 00517nam a2200217Ia 4500
003 OSt
005 20221005115550.0
006 a|||||r|||| 00| 0
007 ta
008 221004b |||||||| |||| 00| 0 kan d
024 _a61298
037 _cTextual
040 _aCRL
_cCRL
_bkan
041 _2kan
_akan
082 _aO41,3xM, 33K2
245 0 _aChina Japan kathegalu
260 _c1962
650 _aCHINESE FICTION
942 _hO41,3xM, 33K2
_cTEXL
_2cc
999 _c1035223
_d1035223